000 00636nam a2200229Ia 4500
003 OSt
005 20241107143538.0
008 210210b2013 xxu||||| |||| 00| 0 eng d
020 _a9788192711911
040 _cAL
041 _aKannada
082 _aK894.9 VASD
100 _aVASUDEVA BELLE
_dವಾಸುದೇವ ಬೆಳ್ಳೆ
_9184486
245 _aDalita sankathana
_bದಲಿತ ಸಂಕಥನ
260 _aMangaLUru
_bAkrati Ashaya Pablications
_c2013
300 _ax,87
650 _asankathana
_9184487
650 _aDalita
_9184488
690 _aKannada Criticism
_9184489
906 _a068281
942 _2ddc
_cBK
999 _c152675
_d152675